Vista normal
Vista MARC
Entrada Personal Name
Número de registros utilizados en: 1
001 - CONTROL NUMBER
- control field: 16944
003 - CONTROL NUMBER IDENTIFIER
- control field: DLC
005 - DATE AND TIME OF LATEST TRANSACTION
- control field: 20250404102854.0
008 - FIXED-LENGTH DATA ELEMENTS
- fixed length control field: 980108n| azannaabn |a aaa c
010 ## - LIBRARY OF CONGRESS CONTROL NUMBER
- LC control number: no 98007883
035 ## - SYSTEM CONTROL NUMBER
- System control number: (OCoLC)oca04582011
040 ## - CATALOGING SOURCE
- Original cataloging agency: FU
- Language of cataloging: spa
- Description conventions: rda
- Transcribing agency: Mx-PuUPA
- Modifying agency: OCoLC
- Modifying agency: DLC
- Modifying agency: MoSU
- Modifying agency: Mx-PuUPA
046 ## - SPECIAL CODED DATES
- Birth date: 19641012
- Source of date scheme: edtf
100 1# - HEADING--PERSONAL NAME
- Personal name: Martínez Ferrer, Luis,
- Dates associated with a name: 1964-
370 ## - ASSOCIATED PLACE
- Place of birth: Madrid (España)
- Associated country: Spain
- Associated country: Italia
- Other associated place: Rome (Italia)
- Source of term: naf
373 ## - ASSOCIATED GROUP
- Associated group: Universidad Pontificia de la Santa Cruz
- Source of term: naf
374 ## - OCCUPATION
- Occupation: Teólogo
- Occupation: Historiador de la iglesia
- Occupation: Autor
- Source of term: lcsh
374 ## - OCCUPATION
- Occupation: Miembros del profesorado de universidades y colegios
- Source of term: lcdgt
375 ## - GENDER
- Gender: hombre
377 ## - ASSOCIATED LANGUAGE
- Language code: spa
- Language code: ita
400 1# - SEE FROM TRACING--PERSONAL NAME
- Personal name: Ferrer, Luis Martínez,
- Dates associated with a name: 1964-
400 1# - SEE FROM TRACING--PERSONAL NAME
- Personal name: Martínez Ferrer, L.
- Fuller form of name: (Luis),
- Dates associated with a name: 1964-
670 ## - SOURCE DATA FOUND
- Source citation: Martínez Ferrer, Luis. Directorio para confesores y penitentes, 1996:
- Information found: title page (Luis Martínez Ferrer) back cover (born 1964)
670 ## - SOURCE DATA FOUND
- Source citation: Coisas do outro mundo, 2003:
- Information found: title page (L. Martínez Ferrer) back flap (Luis Martínez Ferrer; born 1964; professor at the Pontificia Università della Santa Croce in Rome)
670 ## - SOURCE DATA FOUND
- Source citation: Pontificia Università della Santa Croce website, viewed May 5, 2020:
- Information found: link to Docenti page (Prof. Luis Martínez Ferrer, Facoltà di teologia, Ordinario di Storia della Chiesa Moderna e Contemporanea; born October 12, 1964, in Madrid, Spain; studied geography and history at the Universidad Autónoma de Madrid and at the Universidad Complutense de Madrid; studied theology at the Pontificio Ateneo della Santa Croce in Rome; author of Directorio para confesores y penitentes)
- Uniform Resource Identifier: http://docenti.pusc.it/homepage/?u=Lmartinez